Countries Bordering Seas Quiz Stats

 Plays Quiz Updated Sep 14, 2018

Score 0/88 Timer 08:00
0 Plays Today
% Correct
Italy
95.8%
United States
94.6%
Spain
94.4%
Russia
94.1%
Russia
94.1%
Russia
94.1%
Greece
93.9%
France
93.1%
Egypt
91.3%
Turkey
91%
Iran
90.5%
Iran
90.5%
India
90.4%
Cuba
89.8%
China
89.5%
Iraq
89.3%
Mexico
89%
Sweden
88.6%
Denmark (Greenland)
88.2%
France (various islands)
88.1%
Finland
88%
Norway
87.8%
Morocco
86.3%
Canada
86.1%
Denmark
85.9%
Saudi Arabia
85.8%
Israel
85.7%
Haiti
84.7%
Jamaica
84.1%
Libya
83.5%
% Correct
Germany
82.1%
Algeria
81.4%
Indonesia
81.4%
Dominica
81.2%
United Arab Emirates
81.1%
Tunisia
81%
Latvia
80.8%
Panama
80.5%
Oman
80.2%
Estonia
80.1%
Dominican Republic
79.9%
Vietnam
79.8%
Cyprus
79.2%
Indonesia
79.1%
Croatia
79.1%
Lithuania
79.1%
Thailand
78.8%
Thailand
78.7%
Poland
78.6%
Kuwait
78.3%
Sri Lanka
75.7%
Monaco
75.3%
Syria
75.3%
Lebanon
75.2%
Albania
75.1%
Malta
74.9%
Honduras
74.6%
Qatar
74.4%
Belize
74.4%
Malaysia
73.7%
% Correct
Malaysia
73.7%
Bangladesh
73.2%
Costa Rica
73%
Nicaragua
70.6%
Trinidad and Tobago
70.5%
Myanmar
70.3%
St. Kitts and Nevis
70.1%
Cambodia
70%
Barbados
69.7%
Guatemala
69.4%
Taiwan
69.2%
Philippines
69.1%
Venezuela
67.8%
Bahrain
67.8%
Palestine
67.8%
Bosnia and Herzegovina
67%
Slovenia
66.6%
Montenegro
65.2%
St. Lucia
64.4%
Colombia
64.5%
Azerbaijan
63.8%
Kazakhstan
63.7%
St. Vincent and the Grenadines
62.1%
Antigua and Barbuda
61.4%
Grenada
60.6%
Turkmenistan
60.4%
Netherlands (Neth. Antilles)
56.3%
Brunei
53.4%

You're not logged in!

Compare scores with friends on all Sporcle quizzes.
OR
Log In

Sporcle TV

Today on Sporcle TV


Watch our educational content, quiz creation guides, and fun videos on Sporcle TV.

Show Comments

Extras

Top Quizzes Today


Score Distribution

Your Account Isn't Verified!

In order to create a playlist on Sporcle, you need to verify the email address you used during registration. Go to your Sporcle Settings to finish the process.

Report this User

Report this user for behavior that violates our Community Guidelines.

Details: